<?xml version="1.0" encoding="UTF-8"?><?xml-stylesheet type="text/xsl" href="static/style.xsl"?><OAI-PMH xmlns="http://www.openarchives.org/OAI/2.0/" xmlns:xsi="http://www.w3.org/2001/XMLSchema-instance" xsi:schemaLocation="http://www.openarchives.org/OAI/2.0/ http://www.openarchives.org/OAI/2.0/OAI-PMH.xsd"><responseDate>2026-04-25T05:53:48Z</responseDate><request verb="GetRecord" identifier="oai:uvadoc.uva.es:10324/7006" metadataPrefix="marc">https://uvadoc.uva.es/oai/request</request><GetRecord><record><header><identifier>oai:uvadoc.uva.es:10324/7006</identifier><datestamp>2021-06-29T10:11:23Z</datestamp><setSpec>com_10324_38</setSpec><setSpec>col_10324_852</setSpec></header><metadata><record xmlns="http://www.loc.gov/MARC21/slim" xmlns:doc="http://www.lyncode.com/xoai" xmlns:xsi="http://www.w3.org/2001/XMLSchema-instance" xmlns:dcterms="http://purl.org/dc/terms/" xsi:schemaLocation="http://www.loc.gov/MARC21/slim http://www.loc.gov/standards/marcxml/schema/MARC21slim.xsd">
<leader>00925njm 22002777a 4500</leader>
<datafield tag="042" ind1=" " ind2=" ">
<subfield code="a">dc</subfield>
</datafield>
<datafield tag="720" ind1=" " ind2=" ">
<subfield code="a">Serna Moneo, Laura</subfield>
<subfield code="e">author</subfield>
</datafield>
<datafield tag="260" ind1=" " ind2=" ">
<subfield code="c">2014</subfield>
</datafield>
<datafield tag="520" ind1=" " ind2=" ">
<subfield code="a">En el trabajo que presento a continuación he llevado a cabo una investigación-estudio para mejorar y desarrollar la expresión escrita en niños del Primer y Segundo Ciclo de Primaria de un aula unitaria perteneciente a una de las localidades de un CRA de la provincia de Burgos.&#xd;
Para ello he consultado diferentes fuentes bibliográficas y he utilizado también, las Nuevas Tecnologías de la Información y de la Comunicación que me han permitido conocer el concepto y la definición de expresión escrita, métodos, estrategias y fases propuestas por diferentes autores para favorecer su desarrollo en niños de Primaria. Como consecuencia de este estudio presento una propuesta de intervención con actividades, a través de diferentes textos escritos, presentados a los alumnos como diferentes opciones de abordar, desarrollar, crear, enriquecer... la expresión escrita.&#xd;
Para finalizar el trabajo señalo las conclusiones a las que se han llegado tras la realización de la propuesta con mi alumnado de Primaria en un aula unitaria de un pueblecito de la provincia de Burgos.</subfield>
</datafield>
<datafield tag="024" ind2=" " ind1="8">
<subfield code="a">http://uvadoc.uva.es/handle/10324/7006</subfield>
</datafield>
<datafield ind1=" " ind2=" " tag="653">
<subfield code="a">Escritura-Estudio y enseñanza</subfield>
</datafield>
<datafield tag="245" ind1="0" ind2="0">
<subfield code="a">Mejora de le expresión escrita en un aula unitaria</subfield>
</datafield>
</record></metadata></record></GetRecord></OAI-PMH>